[Event "17th Delhi GM Open 2019"]
[Site "Delhi"]
[Date "2019.01.09"]
[Round "1"]
[White "Predke, Alexandr"]
[Black "Ramakrishna, Perumalla"]
[Result "1-0"]
[WhiteElo "2620"]
[BlackElo "1971"]
[Annotator "TA"]
[PlyCount "64"]
[EventDate "2019.01.09"]
[EventType "swiss"]
[EventCountry "IND"]
[SourceTitle "playchess.com"]
[Source "ChessBase"]
[SourceQuality "1"]

{[%evp 11,64,36,42,-1,71,58,83,84,119,120,170,189,195,180,202,202,181,112,112,112,116,113,113,123,139,134,137,119,120,112,119,107,111,67,67,47,81,62,51,43,48,0,55,0,49,58,105,103,97,67,170,128,307,281,526]} 1. e4 e5 2. Nf3 Nc6 3. Bb5 Nf6 4. d3 Ne7 5. Nc3 c6 6. Bc4 {C65: Ruy Lopez: Berlin Defence (3...Nf6), unusual lines and 4 0-0 Bc5} Ng6 {LiveBook: 3 Games} (6... d6 7. O-O h6 8. d4 Qc7 9. Nh4 g6 10. f4 exd4 11. Qxd4 Bg7 12. e5 dxe5 13. Bxf7+ Kxf7 14. fxe5 {½-½ (35) Saric,I (2689)-Fedorchuk,S (2626) Rio Achaea 2018}) 7. d4 Bb4 (7... exd4 $11 {keeps the balance.} 8. Qxd4 (8. Nxd4 b5 $11) 8... b5) 8. Nxe5 $146 {White is better.} ({Predecessor:} 8. dxe5 Nxe4 9. Qd4 Qa5 10. Qxe4 Bxc3+ 11. bxc3 Qxc3+ 12. Ke2 Qxa1 {1-0 (20) Gabrielian,A (2490)-Gorbatov,A (2381) Moscow 2006}) 8... Nxe5 9. dxe5 Nxe4 10. O-O $1 Nxc3 11. bxc3 Bc5 {[#]} 12. Qg4 $1 {[%cal Rg4g7]} O-O {Hoping for ...d5.} 13. Bh6 $1 {[%csl Gh6][%cal Rg4g7]} g6 {White must now prevent ...d5.} 14. Qf4 ({Don't play} 14. Bxf8 $6 d5 $16) (14. Qf3 $18) 14... d5 15. exd6 Qxd6 16. Qxd6 Bxd6 17. Bxf8 Bxf8 18. a4 {[%cal Ba2a4,Ba4a5][%mdl 32]} Bf5 19. Bd3 Be6 20. Rfb1 b6 21. a5 b5 22. a6 Bg7 23. Ra3 Rd8 24. Rd1 Kf8 25. Kf1 Ke7 26. Kg1 Kf8 27. Kf1 Ke7 28. Rb1 Kd6 {[#]} 29. c4 $1 bxc4 30. Be4 f5 ({Better is} 30... Bd4 $14) 31. Bf3 Bd5 $2 (31... Bd4 $16 {was worth a try.}) 32. Rb7 Bxf3 $2 {Accuracy: White = 60%, Black = 49%.} (32... Bd4 33. Bxd5 (33. Rxh7 Ke5 $18) 33... cxd5 34. Rxh7 Ke5) 1-0

[Event "17th Delhi GM Open 2019"]
[Site "Delhi"]
[Date "2019.01.09"]
[Round "1"]
[White "Vaibhav, Suri"]
[Black "Isha Sharma"]
[Result "1-0"]
[WhiteElo "2590"]
[BlackElo "1965"]
[Annotator "TA"]
[PlyCount "49"]
[EventDate "2019.01.09"]
[EventType "swiss"]
[EventCountry "IND"]
[SourceTitle "playchess.com"]
[Source "ChessBase"]
[SourceQuality "1"]

{[%evp 13,49,61,59,56,60,63,52,41,89,79,93,87,96,102,115,87,123,125,131,124,124,120,131,116,120,107,102,110,129,130,134,127,189,193,241,239,425,407]} 1. d4 Nf6 2. c4 d6 3. Nc3 Bf5 4. g3 Ne4 (4... c6 5. Bg2 e5 6. e4 Be6 7. d5 cxd5 8. cxd5 Bd7 9. Nf3 Be7 10. O-O b5 11. a3 a5 12. Qe2 Qb6 {1-0 (85) Korobov,A (2720)-Jobava,B (2696) Tromsoe 2013}) 5. Qd3 d5 6. cxd5 {A53: Old Indian Defence without Nf3} Nxc3 7. Qxf5 Nxd5 {LiveBook: 8 Games} 8. Nf3 {White is slightly better.} e6 9. Qc2 Nd7 $146 ({Predecessor:} 9... Nb4 10. Qd1 c5 {½-½ (10) Hoeksema,H (2430)-Riemersma,L (2410) Enschede 1992}) 10. Bg2 Be7 11. O-O O-O 12. Rd1 c6 13. e4 Nc7 14. Be3 h6 15. Rac1 Nf6 16. Ne5 {[%cal Bf3e5,Be5d3,Bd3f4][%mdl 32]} a5 17. Qb3 Qc8 18. Qa4 Rd8 19. h3 Nd7 20. Nd3 Ra6 21. a3 {[%cal Ba2a3,Ba3a4][%mdl 32]} Nb6 22. Qc2 Nb5 {[#]} (22... a4 $16 {keeps fighting.} 23. Qe2 Ne8) 23. Nf4 $1 $18 Bg5 24. Bf1 Qd7 $2 (24... Qa8 {is a better defense.} 25. a4 Bxf4) 25. a4 {Accuracy: White = 78%, Black = 43%.} 1-0

[Event "17th Delhi GM Open 2019"]
[Site "Delhi"]
[Date "2019.01.09"]
[Round "1"]
[White "Popov, Ivan"]
[Black "Mohammed, Dilshad"]
[Result "1-0"]
[WhiteElo "2588"]
[BlackElo "1956"]
[Annotator "TA"]
[PlyCount "86"]
[EventDate "2019.01.09"]
[EventType "swiss"]
[EventCountry "IND"]
[SourceTitle "playchess.com"]
[Source "ChessBase"]
[SourceQuality "1"]

{[%evp 12,86,41,28,58,21,30,42,52,29,31,41,40,43,47,19,12,4,22,17,17,-15,-27,0,0,0,0,0,37,33,80,93,98,61,56,0,0,0,0,0,121,125,129,101,210,170,281,272,309,310,418,397,421,412,406,411,373,386,581,564,608,566,836,817,816,794,2289,888,3274,2828,29978,29979,29979,29980,7826,5481,29990]} 1. e4 e5 2. Nf3 Nc6 3. Bc4 Nf6 4. d3 Be7 5. O-O d6 6. a4 O-O {C55: Two Knights: 4 d3, 4 d4 exd4 5 e5 and Max Lange Attack} 7. a5 {LiveBook: 64 Games} Nd7 $146 ({Predecessor:} 7... Rb8 8. Nc3 a6 9. h3 Nd4 10. Nxd4 exd4 11. Ne2 c5 12. Nf4 Bd7 13. Qf3 Bc6 14. Re1 {1-0 (25) Yu,Y (2750)-Abdulla,A (2454) Ashkhabad 2017}) 8. a6 bxa6 {The position is equal.} 9. Bxa6 Kh8 10. c3 Nb6 11. Bxc8 Qxc8 12. Re1 f5 13. b4 {[%cal Bb2b4,Bb4b5][%mdl 32]} fxe4 14. dxe4 a5 15. b5 Nd8 16. Na3 {[%cal Bb1a3,Ba3c4,Bc4e3,Be3d5][%mdl 32]} Ne6 17. Be3 Nf4 18. Bxf4 Rxf4 19. Qd3 Qe6 20. Nd2 Qg6 21. Nac4 Raf8 22. Re2 Nd7 23. Rxa5 (23. Nxa5 $14 Nc5 24. Qc4) 23... Nc5 $11 24. Qb1 Qh5 25. f3 Ne6 (25... d5 $1 $11 {remains equal.} 26. exd5 e4) 26. Ne3 $16 Bd8 27. Ra8 Ng5 (27... Bg5 $16 {was necessary.} 28. Ra7 Rh4) 28. Nd5 Rh4 (28... R4f7 $142 29. Ra7 Qg6) 29. Nf1 $18 Qf7 30. Ng3 g6 31. Rea2 Qg7 32. Rb8 Qh6 33. Raa8 Ne6 34. Nf1 g5 (34... Qg5 {is a better defense.} 35. Qd3 Rh5 36. Nxc7 Bxc7 37. Rxf8+ Nxf8 38. Rxf8+ Kg7 39. Rg8+ Kxg8) 35. h3 g4 36. fxg4 Rxh3 37. gxh3 Qxh3 38. Nde3 Nf4 39. Qc2 Qf3 40. Rxd8 Rxd8 41. Rxd8+ Kg7 42. Nf5+ Kf7 43. N1g3 Qxg4 {Accuracy: White = 64%, Black = 37%.} 1-0

[Event "17th Delhi GM Open 2019"]
[Site "Delhi"]
[Date "2019.01.09"]
[Round "1"]
[White "Aleksandrov, Aleksej"]
[Black "Sourath Biswas"]
[Result "1-0"]
[WhiteElo "2582"]
[BlackElo "1954"]
[Annotator "TA"]
[PlyCount "37"]
[EventDate "2019.01.09"]
[EventType "swiss"]
[EventCountry "IND"]
[SourceTitle "playchess.com"]
[Source "ChessBase"]
[SourceQuality "1"]

{[%evp 18,37,91,42,85,102,110,104,176,107,93,90,133,113,353,216,695,246,397,406,992,464]} 1. d4 Nf6 2. c4 g6 3. Nc3 Bg7 4. e4 d6 5. h3 O-O 6. Be3 e5 7. d5 a5 8. g4 {E71: King's Indian: 4 e4 d6 5 h3} Na6 9. Nge2 Ne8 (9... c6 10. Ng3 Nc5 11. g5 Nfd7 12. h4 cxd5 13. Nxd5 Nb6 14. Nc3 Be6 15. b3 a4 {1-0 (36) Ding,L (2777)-Amonatov,F (2636) Riadh 2017}) 10. Ng3 {LiveBook: 3 Games. White is better.} Bd7 11. h4 {[%cal Bh3h4,Bh4h5][%mdl 32]} a4 $146 ({Predecessor:} 11... c6 12. Be2 Nac7 13. Qd2 cxd5 14. exd5 f5 15. gxf5 gxf5 {1-0 (28) Gordon,S (2544)-Iyengar,I (2025) Harrow 2018}) 12. Be2 b6 (12... a3 $16) 13. g5 (13. Nxa4 $6 Nc5 $16) ({Better is} 13. h5 $18) 13... f5 $16 {[#] aiming for ...f4.} 14. gxf6 $1 Qxf6 15. h5 c6 $2 (15... a3 $16 {was necessary.}) 16. Qd2 ({But not} 16. Nxa4 Bh6 $18) ({Not} 16. Bxb6 c5 $15) (16. Qxa4 Qd8 $18) 16... cxd5 $2 (16... a3 17. dxc6 (17. bxa3 Nc5 $16) 17... Bxc6) 17. Nxd5 $2 (17. Qxd5+ Qe6 18. Qxa8) 17... Qd8 $2 {[#]} (17... Qf7 {was called for.} 18. Nxb6 Ra7) 18. O-O-O $18 gxh5 (18... Nc5 $142 19. hxg6 hxg6) 19. Rdf1 {Accuracy: White = 39%, Black = 10%.} (19. Bxb6 $142 Qb8 20. Nxh5) 1-0

[Event "17th Delhi GM Open 2019"]
[Site "Delhi"]
[Date "2019.01.09"]
[Round "1"]
[White "Narayanan.S.L"]
[Black "Mishra, Manoj"]
[Result "1-0"]
[WhiteElo "2575"]
[BlackElo "1949"]
[Annotator "TA"]
[PlyCount "61"]
[EventDate "2019.01.09"]
[EventType "swiss"]
[EventCountry "IND"]
[SourceTitle "playchess.com"]
[Source "ChessBase"]
[SourceQuality "1"]

{[%evp 16,61,23,8,63,70,60,53,129,114,128,130,172,160,251,265,335,374,341,377,490,488,483,474,745,435,627,616,570,441,711,-500,815,-1371,706,689,689,665,741,710,684,691,689,678,678,664,1261,1245]} 1. e4 {[%cal Be2e4,Be4e5][%mdl 32]} Nf6 2. e5 Nd5 3. d4 d6 4. Nf3 Bg4 5. h3 Bxf3 6. Qxf3 dxe5 7. dxe5 {B05: Alekhine's Defence: 4 Nf3 Bg4} c6 (7... e6 8. Qb3 Nb6 9. Nd2 Be7 10. Qg3 O-O 11. Nf3 Kh8 12. Bd3 N8d7 13. Ng5 h6 14. Nxe6 fxe6 15. Bxh6 gxh6 {0-1 (29) Sanal,V (2469)-Haznedaroglu,K (2482) Mersin 2016}) 8. Bc4 e6 9. O-O {LiveBook: 19 Games. White has an edge.} Qh4 (9... Nd7 $11) 10. Nd2 $14 Nd7 11. Re1 g6 $146 ({Black should try} 11... Be7 $14) ({Predecessor:} 11... Bc5 12. Re4 Qd8 13. Qg3 g6 {1-0 (23) Boric,E (2281)-Belancic,A Ilidza 2008}) 12. Bxd5 cxd5 13. c4 $1 {[%cal Rc4d5]} Bc5 14. cxd5 $40 {[%mdl 128] Hoping for Ne4. White is out for blood.} exd5 {[#]} (14... O-O $16 {is a better defense.} 15. d6 f5) 15. e6 $1 $18 fxe6 16. Rxe6+ Kd8 {[#]} 17. Qe2 $1 Rf8 {[%cal Rf8f2]} 18. Nf3 Qc4 19. Qe1 Rc8 (19... Kc7 $142 20. Bh6 Rxf3 21. gxf3 Qh4) 20. b3 Qc2 (20... Qb5 $142 21. Bh6 Rf6) 21. Bg5+ Kc7 22. b4 Rxf3 (22... Bxf2+ $142 23. Qxf2 Qxf2+ 24. Kxf2 Kb8) 23. Qe2 $4 {[%mdl 8192]} (23. gxf3 $18 Qf5 24. h4 (24. bxc5 Qxg5+ 25. Kf1 Nxc5 $16)) 23... Rff8 $4 {[%mdl 8192]} (23... Bxf2+ $19 24. Kf1 Qxe2+ 25. Kxe2 Rf5 26. Rc1+ Kb8 27. Rxc8+ Kxc8) 24. Qe1 $4 {[%mdl 8192]} (24. Qxc2 $18 Rxf2 25. Qc1 Rc2+ 26. bxc5 Rxc1+ 27. Rxc1) 24... Rf3 $4 {[%mdl 8192]} (24... Bxf2+ $19 25. Kh1 Bxe1 26. Raxe1 Kb8) 25. gxf3 {And now Bf4+ would win.White is clearly winning.} Qf5 26. Bd2 ({Weaker is} 26. bxc5 Qxg5+ 27. Kf1 Nxc5 $16) 26... Bd4 27. Rc1+ Kb8 28. Rxc8+ Kxc8 29. Re8+ Kc7 {and the idea ...Ne5 leaves Black hopeful.} 30. Qc1+ Kd6 31. Bf4+ {Precision: White = 63%, Black = 12%.} 1-0

[Event "17th Delhi GM Open 2019"]
[Site "Delhi"]
[Date "2019.01.09"]
[Round "1"]
[White "Erigaisi Arjun"]
[Black "Vijay, Kumar"]
[Result "1-0"]
[WhiteElo "2548"]
[BlackElo "1943"]
[Annotator "ChessBase"]
[PlyCount "61"]
[EventDate "2019.01.09"]
[EventType "swiss"]
[EventCountry "IND"]
[SourceTitle "playchess.com"]
[Source "ChessBase"]
[SourceQuality "1"]
[TimeControl "5400+30"]

1. d4 {[%emt 0:00:16]} Nf6 {[%emt 0:00:00]} 2. c4 {[%emt 0:00:09]} g6 {[%emt 0:00:00]} 3. Nc3 {[%emt 0:00:08]} Bg7 {[%emt 0:00:11]} 4. e4 {[%emt 0:00:07]} d6 {[%emt 0:00:07]} 5. Be2 {[%emt 0:00:06]} e5 {[%emt 0:06:10]} 6. d5 {[%emt 0:01:28]} Nbd7 {[%emt 0:04:00]} 7. h4 {[%emt 0:02:09]} Nc5 {[%emt 0:05:48]} 8. Bf3 {[%emt 0:00:11]} a5 {[%emt 0:01:16]} 9. h5 {[%emt 0:00:24]} h6 {[%emt 0:05:12]} 10. hxg6 {[%emt 0:00:23]} fxg6 {[%emt 0:00:19]} 11. Be3 {[%emt 0:00:30]} b6 {[%emt 0:05:17]} 12. Rb1 {[%emt 0:03:17]} Bd7 {[%emt 0:03:10]} 13. b3 {[%emt 0:01:12]} Qc8 {[%emt 0:06:30]} 14. a3 {[%emt 0:01:52]} Qa6 {[%emt 0:06:00]} 15. Nge2 {[%emt 0:02:39]} a4 {[%emt 0:06:00]} 16. b4 {[%emt 0:00:50]} Nb3 {[%emt 0:00:48]} 17. Qd3 {[%emt 0:00:13]} Ng4 {[%emt 0:08:29]} 18. Bxg4 {[%emt 0:01:58]} Bxg4 {[%emt 0:00:10]} 19. Nb5 {[%emt 0:00:09]} Bxe2 {[%emt 0:12:53]} 20. Qxe2 {[%emt 0:00:11]} Qc8 {[%emt 0:00:39]} 21. Bxb6 {[%emt 0:00:12]} Rb8 {[%emt 0:12:28]} 22. Nxc7+ {[%emt 0:02:42]} Kf7 {[%emt 0:00:44]} 23. Qe3 {[%emt 0:03:12]} Nd4 {[%emt 0:02:02]} 24. Bxd4 {[%emt 0:00:11]} Qxc7 {[%emt 0:00:49]} 25. Bb2 {[%emt 0:00:21]} Qxc4 {[%emt 0:02:15]} 26. Rc1 {[%emt 0:00:22]} Qa2 {[%emt 0:00:47]} 27. Rc7+ {[%emt 0:00:11]} Kg8 {[%emt 0:00:11]} 28. O-O {[%emt 0:00:46]} Kh7 {[%emt 0:03:09]} 29. Qc3 {[%emt 0:00:26]} Rhf8 {[%emt 0:03:26]} 30. Ra1 {[%emt 0:01:35]} Qb3 {[%emt 0:01:01]} 31. Qxb3 {[%emt 0:00:09]} 1-0

[Event "17th Delhi GM Open 2019"]
[Site "Delhi"]
[Date "2019.01.09"]
[Round "1"]
[White "Deepan Chakkravarthy J."]
[Black "Savitha Shri B"]
[Result "1-0"]
[WhiteElo "2543"]
[BlackElo "1941"]
[Annotator "TA"]
[PlyCount "113"]
[EventDate "2019.01.09"]
[EventType "swiss"]
[EventCountry "IND"]
[SourceTitle "playchess.com"]
[Source "ChessBase"]
[SourceQuality "1"]

{[%evp 14,113,-4,-17,-23,-6,-13,-14,16,-50,-48,-41,-47,-39,-12,-33,-39,-40,-19,-19,-12,-15,-13,-30,-17,-15,63,39,27,33,28,24,60,47,43,62,79,74,87,79,103,101,133,135,153,143,296,183,183,183,183,183,183,183,183,183,199,169,204,177,204,197,247,198,332,318,353,345,360,266,267,214,628,628,583,547,528,528,520,486,585,579,740,740,690,675,733,722,688,681,635,602,1970,1921,1801,1571,1625,1557,29985,5397,2269,2229]} 1. Nf3 c5 2. e3 Nf6 3. b3 g6 4. Bb2 Bg7 5. g3 (5. c4 O-O 6. Be2 b6 7. O-O Bb7 8. Qc2 Nc6 9. a3 d5 10. cxd5 Qxd5 11. Nc3 Qd6 12. Rac1 Rac8 13. Qb1 Qb8 14. Rfd1 Rfd8 15. h3 Ne5 16. Nxe5 Qxe5 17. Bf1 {½-½ (62) Grachev,B (2626)-Alekseev,E (2620) Sochi 2018}) 5... Nc6 6. Bg2 {A05: Réti Opening: 1 Nf3 Nf6} d5 7. O-O O-O 8. d3 {LiveBook: 4 Games. The position is equal.} Qc7 9. c4 Rd8 {With the idea ...dxc4.} 10. Qe2 $146 ({Predecessor:} 10. cxd5 Rxd5 11. Nc3 Rd8 12. Qe2 b6 13. Nb5 Qd7 14. Rfd1 Bb7 15. d4 cxd4 16. Nfxd4 Qe8 17. Nc7 Nxd4 18. Rxd4 Qc6 19. Bxc6 {1-0 (19) Rieck,H (1939)-Brandt,J (1818) Binz 2016}) 10... e5 11. cxd5 (11. Nc3 $11) 11... Nxd5 $15 12. Rd1 b6 13. Nbd2 Bb7 14. a3 Qe7 15. h4 Rab8 16. h5 Nf6 17. hxg6 hxg6 18. Rab1 Ba6 19. Nc4 {[%cal Rf3e5]} Bxc4 (19... Ne8 $11) 20. bxc4 Rd6 21. Ng5 Rbd8 22. Bc3 Nb8 23. Ne4 Nxe4 24. Bxe4 Nd7 25. Bd5 Nf6 {[#]} 26. e4 $1 Nh5 27. Qg4 Qd7 {[#]} 28. Qxd7 $1 R6xd7 29. a4 {[%cal Ba3a4,Ba4a5][%mdl 32]} Re8 $2 (29... Nf6 $16 {is a better defense.} 30. a5 (30. Bxe5 Nxd5 31. Bxg7 Ne3 $11) 30... Nxd5 31. exd5 (31. cxd5 Rb7 $16) 31... Rb7) 30. a5 Rd6 31. Rb5 Nf6 32. Rdb1 Nd7 33. axb6 axb6 34. Ra1 g5 35. Ra7 Bf6 36. Kf1 Bd8 37. Ke2 Kg7 38. Rb1 f6 (38... Kg6 $142 39. Rba1 g4) 39. Rba1 $18 Kg6 40. Rb7 Rh8 41. Raa7 Rh7 42. Bd2 g4 $2 (42... Nf8 43. Rxh7 Nxh7) 43. d4 Re7 44. Ra8 Re8 45. Bc6 {[%mdl 64] Deflection} Rxc6 46. Rxd7 {Threatens to win with d5.} cxd4 47. Kd3 Rc5 48. Bb4 Rc6 49. Raxd8 Rxd8 50. Rxd8 {[%mdl 4096] Endgame KRB-KR} Rc7 51. Rb8 Rc6 52. Rg8+ Kh5 53. Rd8 Rc7 54. Rd6 {[%mdl 64] Double Attack} Rf7 55. Rxb6 f5 56. Bd2 (56. exf5 $142 e4+ 57. Kxe4 Rh7 58. Bd2 Re7+ 59. Kd3 Re6 60. fxe6 Kg6 61. e7+ Kf7 62. Bg5) 56... f4 57. Re6 {Accuracy: White = 75%, Black = 35%.} 1-0

[Event "17th Delhi GM Open 2019"]
[Site "Delhi"]
[Date "2019.01.09"]
[Round "1"]
[White "Ghaem Maghami, Ehsan"]
[Black "Debankan, Dhara"]
[Result "1-0"]
[WhiteElo "2533"]
[BlackElo "1934"]
[Annotator "ChessBase"]
[PlyCount "73"]
[EventDate "2019.01.09"]
[EventType "swiss"]
[EventCountry "IND"]
[SourceTitle "playchess.com"]
[Source "ChessBase"]
[SourceQuality "1"]
[TimeControl "5400+30"]

1. c4 {[%emt 0:00:00]} e6 {[%emt 0:00:00]} 2. Nf3 {[%emt 0:00:00]} d5 {[%emt 0:00:00]} 3. d4 {[%emt 0:00:48]} Nf6 {[%emt 0:00:23]} 4. g3 {[%emt 0:00:41]} Be7 {[%emt 0:00:37]} 5. Bg2 {[%emt 0:00:10]} O-O {[%emt 0:00:12]} 6. O-O {[%emt 0:00:10]} c6 {[%emt 0:03:07]} 7. Qc2 {[%emt 0:08:31]} Nbd7 {[%emt 0:00:47]} 8. Nbd2 {[%emt 0:00:35]} b6 {[%emt 0:00:39]} 9. e4 {[%emt 0:00:05]} dxe4 {[%emt 0:00:06]} 10. Nxe4 {[%emt 0:00:06]} Nxe4 {[%emt 0:00:14]} 11. Qxe4 {[%emt 0:00:08]} Bb7 {[%emt 0:00:12]} 12. Rd1 {[%emt 0:00:29]} Bf6 {[%emt 0:09:31]} 13. Bf4 {[%emt 0:14:50]} Qe7 {[%emt 0:05:24]} 14. Re1 {[%emt 0:08:23]} Rfd8 {[%emt 0:06:58]} 15. Rad1 {[%emt 0:02:03]} Rac8 {[%emt 0:03:12]} 16. h4 {[%emt 0:00:42]} Nf8 {[%emt 0:08:15]} 17. Qc2 {[%emt 0:01:24]} Ng6 {[%emt 0:06:18]} 18. Bg5 {[%emt 0:06:52]} h6 {[%emt 0:05:48]} 19. Bxf6 {[%emt 0:04:11]} Qxf6 {[%emt 0:00:33]} 20. c5 {[%emt 0:01:58]} Ne7 {[%emt 0:01:57]} 21. Qa4 {[%emt 0:03:35]} Ra8 {[%emt 0:02:47]} 22. Ne5 {[%emt 0:00:48]} Rdc8 {[%emt 0:09:23]} 23. Qb3 {[%emt 0:10:48]} b5 {[%emt 0:02:16]} 24. Be4 {[%emt 0:10:32]} g6 {[%emt 0:12:47]} 25. a4 {[%emt 0:05:56]} a6 {[%emt 0:01:03]} 26. Nd7 {[%emt 0:00:16]} Qg7 {[%emt 0:00:40]} 27. Nb6 {[%emt 0:00:05]} Rab8 {[%emt 0:00:29]} 28. Nxc8 {[%emt 0:00:18]} Bxc8 {[%emt 0:00:07]} 29. axb5 {[%emt 0:00:43]} Rxb5 {[%emt 0:00:10]} 30. Qc3 {[%emt 0:01:21]} Qf8 {[%emt 0:01:54]} 31. Ra1 {[%emt 0:00:16]} Qd8 {[%emt 0:00:18]} 32. Ra4 {[%emt 0:00:11]} Nd5 {[%emt 0:01:04]} 33. Bxd5 {[%emt 0:02:03]} Qxd5 {[%emt 0:00:11]} 34. Rb4 {[%emt 0:02:14]} Bb7 {[%emt 0:03:22]} 35. Rc1 {[%emt 0:00:11]} Kg7 {[%emt 0:00:13]} 36. Rxb5 {[%emt 0:00:16]} axb5 {[%emt 0:00:06]} 37. Qe3 {[%emt 0:01:23]} 1-0

[Event "17th Delhi GM Open 2019"]
[Site "Delhi"]
[Date "2019.01.09"]
[Round "1"]
[White "Karthik Venkataraman"]
[Black "Srikanth, K.."]
[Result "1/2-1/2"]
[WhiteElo "2515"]
[BlackElo "1932"]
[Annotator "TA"]
[PlyCount "143"]
[EventDate "2019.01.09"]
[EventType "swiss"]
[EventCountry "IND"]
[SourceTitle "playchess.com"]
[Source "ChessBase"]
[SourceQuality "1"]

{[%evp 15,143,71,110,110,106,104,91,88,96,55,95,74,70,79,85,72,91,87,90,70,62,54,101,68,182,101,115,52,77,58,71,88,95,112,109,60,60,0,15,15,33,31,64,0,0,-42,0,-125,0,-9,0,0,9,0,0,0,0,0,0,-16,0,-118,53,53,53,53,53,53,89,33,31,0,0,0,20,0,21,21,24,23,97,22,51,14,64,64,64,63,64,63,114,91,110,67,67,67,67,56,54,58,58,50,49,49,40,45,34,0,0,0,0,0,8,8,8,0,8,0,0,0,8,0,0,0,14,10,32,0,0,0]} 1. d4 g6 2. c4 Bg7 3. Nf3 d6 4. Nc3 c6 5. e4 Nd7 6. Be2 e5 7. Be3 Ngf6 {A42: Modern Defence: Averbakh Variation} 8. d5 c5 {LiveBook: 3 Games} 9. Nd2 a6 {White is better.} 10. Rb1 $146 ({Predecessor:} 10. g4 h5 11. g5 Ng4 12. Bxg4 hxg4 13. Qxg4 Nf6 14. Qe2 Ng4 {1-0 (31) Delchev,A (2591)-Plane,B (2162) Metz 2002}) 10... Rb8 11. a3 O-O 12. g4 Ne8 13. b4 f5 14. gxf5 gxf5 15. exf5 cxb4 16. axb4 Ndf6 17. Qc2 Kh8 18. Nf1 Ng8 19. Ng3 Nef6 (19... Ne7 $14) 20. Rd1 (20. b5 $18) 20... Nh6 21. c5 (21. Bg5 $16) 21... Nfg4 $14 22. Bxg4 Nxg4 23. Nce4 {Threatens to win with Bg5.} Nxe3 24. fxe3 Bxf5 25. O-O Bg6 26. Qe2 (26. cxd6 $14 Qxd6 27. Nxd6 Bxc2 28. Rc1 Rxf1+ 29. Kxf1) 26... dxc5 27. Nxc5 Qd6 28. Rxf8+ Bxf8 29. Qc4 (29. Qf3 $1 $14) 29... a5 $11 30. Ne6 axb4 31. Rf1 (31. Qf1 $11) 31... Bh6 ({Black should play} 31... Be7 $1 $17 32. Rc1 Rg8) 32. e4 b5 $36 {[%mdl 2048] Black is pushing.} 33. Qb3 Rc8 34. Qf3 Bf4 35. Qf2 b3 {Threatening ...Ra8.} 36. Qa7 {[%csl Ge6][%cal Ra7g7]} Bh6 $1 {White must now prevent ...Rg8.} 37. Qf2 $1 {[%cal Rf2f6]} Bf4 38. Kh1 (38. Qa7 $11 {keeps the balance.} Bh6 39. Qf2) 38... Bxe4+ $2 (38... Re8 $17 {And now ...Qb4 would win.} 39. Qe2 Qa3) 39. Nxe4 $14 Qxd5 40. Nxf4 Qxe4+ {[%mdl 64] Double Attack} 41. Ng2 {White threatens Qf6+ and mate.} Rg8 {[#]} 42. Re1 ({Don't play} 42. Qf6+ $6 Rg7 $11) (42. Rd1 $1 $16 {Qf6+ would kill now.} h5 43. Qf6+ Rg7 44. Qh6+ {[%mdl 64] Double Attack} Qh7 45. Qe6) 42... Qc2 43. Qf6+ {[%mdl 64] Double Attack} Rg7 {[%csl Gg7][%cal Rc2g2]} 44. Rg1 Qe4 (44... b2 $5 {[%cal Rc2g2]} 45. Qf8+ Rg8 46. Qf6+ {[%mdl 64] Double Attack} Rg7 47. Qf8+ Rg8 48. Qf6+ {[%mdl 64] Double Attack} Rg7 $11) 45. Qf2 b4 46. Rd1 {Intending Rd8+ and mate.} h6 47. h3 {[#]} Qc6 (47... b2 $1 $11 {[%mdl 512]} 48. Qxb2 Qf3) 48. Kh2 (48. Rd3 $16) 48... e4 49. Qf8+ Kh7 (49... Rg8 $5 {[%cal Rg8f8]} 50. Qxb4 Qc2 51. Qd4+ Rg7 $14) 50. Qf5+ Qg6 51. Qxg6+ $1 Kxg6 {[%mdl 4096] Endgame KRN-KR} 52. Rb1 Rc7 ({Black should try} 52... Rd7 $14) 53. Rxb3 $16 Rc4 54. Ne3 Rd4 $1 55. Rb2 {Kg3 is the strong threat.} Rd3 56. Ng2 Rd4 57. Kg3 {Strongly threatening Kf4.} Kf5 58. Ne3+ Ke5 59. Ng4+ Kd5 60. Kf4 Kc4 61. Ne3+ Kc3 62. Rc2+ Kd3 63. Rc6 b3 64. Rb6 Kc3 65. Ke5 {aiming for Rxb3+!} Ra4 66. Nd5+ Kc2 67. Ne3+ Kc3 68. Rc6+ Kd3 69. Nd1 Kd2 70. Rd6+ Kc1 71. Nc3 Rc4 72. Ne2+ {Accuracy: White = 43%, Black = 45%.} ({Of course not} 72. Nxe4 b2 $17) 1/2-1/2

[Event "17th Delhi GM Open 2019"]
[Site "Delhi"]
[Date "2019.01.09"]
[Round "1"]
[White "Gukesh D"]
[Black "Bommini Mounika Akshaya"]
[Result "1-0"]
[WhiteElo "2497"]
[BlackElo "1931"]
[Annotator "TA"]
[PlyCount "26"]
[EventDate "2019.01.09"]
[EventType "swiss"]
[EventCountry "IND"]
[SourceTitle "playchess.com"]
[Source "ChessBase"]
[SourceQuality "1"]

{[%evp 16,26,30,24,15,0,21,11,12,0,0,-31,-36]} 1. Nf3 d5 2. g3 Bg4 3. Bg2 e6 4. c4 c6 5. d4 Nf6 6. O-O Nbd7 7. h3 {D11: Slav Defence: 3 Nf3 sidelines and 3...Nf6 4 e3 Bg4} Bh5 8. cxd5 exd5 9. Nh4 {LiveBook: 9 Games. White has an edge.} Be7 10. Nc3 O-O 11. g4 $146 ({Predecessor:} 11. f4 Ne4 12. Nf5 Nxc3 13. bxc3 {1-0 (34) Vachier Lagrave,M (2785)-Gunina,V (2496) Gibraltar 2016}) 11... Bg6 12. Nxg6 hxg6 13. e4 Nxe4 {[%mdl 32768] Loss on time!?} 1-0